000 00930nam a22002417a 4500
999 _c1932
_d1932
003 AR-CdUCM
008 190228b ||||| |||| 00| 0 spa d
020 _a9789972691911
040 _aMUNICIPALIDAD PROVINCIAL DEL CUSCO
_cBIBLIOTECA MUNICIPAL DEL CUSCO
082 _a985.0122 /
_bG66
100 _aGolte, Jürgen
_946
245 _aMoche :
_bCosmología y sociedad :
_bUna interpretación iconográfica /
260 _aLima :
_bInstituto de Estudios Peruanos,
_c2009.
300 _a473 paginas ;
_b130 ilustraciones.
_c30 cm.
505 _aLa cosmovisión -- Ritos -- Narraciones -- La secuencia de la rebelión de los objetos -- Los muertos en el universo mochica ...
650 _aCultura Mochica
_97063
650 _aCosmología mochica
_97064
650 _aÉpoca Prehispánica
_92714
650 _aRitos y ceremonias
_97065
650 _aSimbolismo en el arte
_97066
942 _2ddc
_cLIBROS
945 _arum
_d2019-02-28